000 01460nam a22003617a 4500
003 CHAP
005 20220329143906.0
008 120615s2011 mx r 00010 spa d
010 _a103370
011 _a104342
035 _a115032
040 _cCHAP
090 _aTesis
100 1 _aMacías Robles, Sofía Ivonne.
_969523
245 1 3 _aEl turismo rural como estrategia de desarrollo en el Municipio de González, Tamaulipas
_h[En línea]
_c/por Sofía Ivonne Macías Robles
260 _aChapingo, Méx. :
_bEl autor,
_c2011
500 _aPara ver el contenido del material haga clic en la liga
502 _aTesis (M.C. en Desarrollo Rural Regional) -- UACH. Centro Regional Universitario Centro Norte
590 _aALEPH
_b10
_c20130110
_lUCH01
_h1545
590 _aBATCH-UPD
_b10
_c20130110
_lUCH01
_h1420
590 _aBATCH-UPD
_b10
_c20130410
_lUCH01
_h0902
590 _aBATCH-UPD
_b10
_c20130914
_lUCH01
_h1148
590 _aBATCH-UPD
_b10
_c20140324
_lUCH01
_h1530
590 _aBATCH-UPD
_b10
_c20141002
_lUCH01
_h0853
590 _aCONVERSION
_b10
_c20130109
_lUCH01
_h1357
650 0 4 _aDesarrollo de la comunidad rural
_xTamaulipas.
_932028
650 0 4 _aTurismo.
_9115606
856 _3Finding aid
_uhttp://10.13.5.2/tesis/115032.pdf
_zTeclea aqui
901 _aBK
942 _cFOLL
949 _aTesis
_bBC
_cTES
_d33724002327876
_eTS2
_fc.2
_gdonaciØn
_h53452
_i115032
_st
949 _aTesis
_bBC
_cTES
_d33724002327918
_eTS1
_gDonaciØn
_h53451
_i115032
_st
999 _c103370
_d103370